Logo BPK

Biblioteka

Politechniki Koszalińskiej

State-space methods for control systems / (Rekord nr 9889)

Szczegóły MARC
000 -ETYKIETA REKORDU
podpole kontrolne o stałej długości 00416nam a2200169 i 4500
001 - NUMER KONTROLNY REKORDU
pole kontrolne bg
020 ## - MIĘDZYNARODOWY ZNORMALIZOWANY NUMER KSIĄŻKI - ISBN
ISBN 9630508621
040 ## - ŹRÓDŁO KATALOGOWANIA
Instytucja, która utworzyła rekord BPK
041 ## - KOD JĘZYKA
Kod języka tekstu pol
080 ## - UNIWERSALNA KLASYFIKACJA DZIESIĘTNA - UKD
UKD 62-5:621.391
920 ## - Międzynarodowy znormalizowany numer książki – ISBN
ISBN 963-05-0862-1
008 - POLE O STAŁEJ DŁUGOŚCI - DANE KONTROLNE
podpole kontrolne o stałej długości s pl f |000 0 pol
100 1# - NAZWA OSOBOWA
Nazwa osobowa CSAKI, F.
245 #0 - TYTUŁ/ODPOWIEDZIALNOŚĆ
Tytuł State-space methods for control systems /
Pozostałe elementy strefy tytułu i oznaczenia odpowiedzialności by F. Csaki.
260 ## - STREFA ADRESU WYDAWNICZEGO
Miejsce wydania Budapest :
Nazwa wydawcy/dystrybutora Akademiai Kiado,
Data publikacji, dystrybucji/powstania dokumentu 1977.
856 ## - LOKALIZACJA I DOSTĘP DO ELEKTRONICZNYCH DOKUMENTÓW ZDALNYCH
Link (URL) http://koha.tu.koszalin.pl/cgi-bin/koha/opac-detail.pl?biblionumber=9889
Tekst linku Katalog online BPK
942 ## - DODATKOWE ELEMENTY (KOHA)
Typ dokumentu Książka
Egzemplarze
Wycofany Status egzemplarza Uszkodzony Dostępność Lokalizacja stała Lokalizacja bieżąca Miejsce przechowywania Sygnatura Kod kreskowy Typ dokumentu
      Dostępny Biblioteka Politechniki Koszalińskiej Biblioteka Politechniki Koszalińskiej Wypożyczalnia BG 25310 01926736 Książka
© 2023 Biblioteka Politechniki Koszalińskiej :: KOHA